| 000 | 00000nam##2200000za#4500 |
| 001 | 9.615281 |
| 003 | CaOODSP |
| 005 | 20241203113634 |
| 007 | ta |
| 008 | 150406|2001||||xxc||||| f|0| 0 eng|d |
| 020 | |a0-662-29248-0 |
| 040 | |aCaOODSP|beng |
| 043 | |an-cn--- |
| 086 | 1 |aEn40-215/57E |
| 110 | 1 |aCanada. |bEnvironment Canada. |
| 245 | 10|aNonylphenol and its ethoxylates |
| 260 | |aOttawa - Ontario : |bEnvironment Canada |c2001. |
| 300 | |aix, 97p. : |bgraphs, references, tables ; |c28 cm. |
| 490 | 1 |aPriority substances list assessment report |
| 563 | |aSpiral binding |
| 590 | |a01-28|b2001-07-13 |
| 690 | 07|aToxic substances|2gcpds |
| 690 | 07|aEnvironmental impact|2gcpds |
| 690 | 07|aToxicology|2gcpds |
| 690 | 07|aChemical products|2gcpds |
| 776 | 0#|tNonylphenol and its ethoxylates / |w(CaOODSP)9.571377 |
| 830 | #0|aPriority substances list assessment report.|w(CaOODSP)9.514568 |